El ciclo medio en la educación básica

Saved in:
Bibliografiske detaljer
Main Authors: Arribas Alonso, Carlos (autor), Delgado, Juan (Author), Delval, Juan (Author), Duque, Juan Manuel (Author), Estaire, Sheila (Author), Gil Hervás, J (Author), González Ruiz, J (Author), Herans, Carlos (Author), Hernández, José L (Author), Manchón, José I (Author), Medina, José (Author), Moral, Pedro (Author), Moreno, Antonio (Author), Palacios, José Antonio (Author), Piñero, Antonio (Author), Rotger Amengual, Bartolomé (Author), Ruiz, Aurora (Author), Sanuy, Montserrat (Author), Sarga, Esteban de la (Author), Teixidó, Martí (Author), Vásquez Gómez, J (Author)
Andre forfattere: Martínez, Elvira (autora)
Format: Bog
Sprog:spansk
Udgivet: Madrid Santillana 1982
Serier:Aula XXI. Educación abierta Santillana
Fag:
Tags: Tilføj Tag
Ingen Tags, Vær først til at tagge denne postø!

MARC

LEADER 00000nam a2200000 a 4500
001 UCY8967
003 CL-VaPUC
005 20220314130410.0
008 950707e19820000SP |||||||||||||||||spa|d
999 |c 236144  |d 236142 
040 |c Pontificia Universidad Católica de Valparaíso 
082 0 4 |a 372.1  |b ARR  |2 21 
100 1 |a Arribas Alonso, Carlos  |e autor  |9 340857 
245 1 3 |a El ciclo medio en la educación básica 
260 |a Madrid  |b Santillana  |c 1982 
300 |a 360 p 
490 0 |a Aula XXI. Educación abierta Santillana 
583 |a last modification  |c 19950707 00:00:00  |k Rodrigo Vera 
650 0 |a Educación básica   |9 224933 
650 0 |a Niños  |9 255605 
650 0 |a Desarrollo individual   |9 307875 
650 0 |a Procesos de aprendizaje  |9 309161 
650 0 |a Planificación de la educación   |9 307333 
650 7 |a MATERIAL Y EQUIPO DIDACTICOS  |2 CL-VaPUC  |9 309109 
650 0 |a Formación profesional de profesores  |9 307493 
650 0 |a Innovaciones pedagógicas  |9 307471 
700 0 |a Delgado, Juan  |e author  |9 340858 
700 0 |a Delval, Juan  |e author  |9 340859 
700 0 |a Duque, Juan Manuel  |e author  |9 340860 
700 0 |a Estaire, Sheila  |e author  |9 340861 
700 0 |a Gil Hervás, J  |e author  |9 340862 
700 0 |a González Ruiz, J  |e author  |9 340863 
700 0 |a Herans, Carlos  |e author  |9 340864 
700 0 |a Hernández, José L  |e author  |9 340865 
700 0 |a Manchón, José I  |e author  |9 340866 
700 |a Martínez, Elvira  |e autora  |9 351895 
700 0 |a Medina, José  |e author  |9 340868 
700 0 |a Moral, Pedro  |e author  |9 340869 
700 0 |a Moreno, Antonio  |e author  |9 340870 
700 0 |a Palacios, José Antonio  |e author  |9 340871 
700 0 |a Piñero, Antonio  |e author  |9 340872 
700 0 |a Rotger Amengual, Bartolomé  |e author  |9 340873 
700 0 |a Ruiz, Aurora  |e author  |9 340874 
700 0 |a Sanuy, Montserrat  |e author  |9 340875 
700 0 |a Sarga, Esteban de la  |e author  |9 340876 
700 0 |a Teixidó, Martí  |e author  |9 340877 
700 0 |a Vásquez Gómez, J  |e author  |9 340878 
942 |c BK  |2 ddc 
945 |d 19950707 00:00:00  |a cmena 
952 |0 0  |1 0  |4 0  |6 372_100000000000000_ARR_1982  |7 0  |8 P  |9 244022  |a BIBEDU  |b BIBEDU  |c BIBEDU_PB  |d 2019-11-18  |i 1529420  |o 372.1 ARR 1982  |p 1529420  |r 2024-01-25  |w 2019-11-18  |y BK  |k EDU